Statistiques concernant classement national (football) 2022-2023

Cliquez ici pour prendre le quiz!

Statistiques générales

  • Ce quiz a été pris 54 fois
  • Le résultat moyen est 9 sur 18

Statistiques - réponses

ClassementPointClub% Correct
162Concarneau
91%
360Red star
89%
1341Nancy
74%
262Dunkerque
72%
460Martigues
70%
551Versailles
57%
1044Orleans
54%
1826Bastia borgo
50%
1243Le Mans
50%
746Sedan
46%
1144Chateauroux
41%
945Avranches
39%
1440Bourg en bresse
39%
646FCBV
39%
845Cholet
37%
1731Paris 13 atletico
37%
1635Le puy foot
30%
1538Stade Briochin
30%

Distribution des résultats

Percentile par nombre de réponses

% des personnes avec chaque résultat

Votre développement - résultats

Vous n’avez pas pris ce quiz